02720cam a22003375i 4500999001700000001000900017003000900026005001700035008004100052020001800093040003300111082002000144245015500164264008300319264001000402300004800412336002600460337002800486338002700514490004200541504005100583520139800634650003102032650004102063650005102104653002502155655001702180700002802197942001202225952014502237 c27782d2775320671796EG-ScBUE20191120123310.0180917t2019 sz a f b 001 0 eng d a9783319973692 aDLCbengerdacDLCdEG-ScBUE04a401.41bQUA22210aQuantifying approaches to discourse for social scientists /ceditor, Ronny Scholz, Centre for Applied Linguistics, University of Warwick Coventry, UK. 1aCham, Switzerland :bPalgrave Macmillan / Springer Nature Switzerland,c[2019] 4cc2019 axxiii, 320 pages :billustrations ;c24 cm. atextbtxt2rdacontent aunmediatedbn2rdamedia avolumebnc2rdacarrier0 aPostdisciplinary studies in discourse aIncludes bibliographical references and index. aThis book provides an overview of a range of quantitative methods, presenting a thorough analytical toolbox which will be of practical use to researchers across the social sciences as they face the challenges raised by new technology-driven language practices. The book is driven by a reflexive mind-set which views quantifying methods as complementary rather than in opposition to qualitative methods, and the chapters analyse a multitude of different intra- and extra-textual context levels essential for the understanding of how meaning is (re-)constructed in society. Uniting contributions from a range of national and disciplinary traditions, the chapters in this volume bring together state-of-the-art research from British, Canadian, French, German and Swiss authors representing the fields of Political Science, Sociology, Linguistics, Computer Science and Statistics. It will be of particular interest to discourse analysts, but also to other scholars working in the digital humanities and with big data of any kind. Ronny Scholz coordinates the ERC-funded DISCONEX project on academic discourses at the University of Warwick, UK. His work focuses on the question of legitimisation of power in political discourses especially in the post-democratic era. He uses lexicometric tools as quantifying heuristic helping to explore new perspectives in various corpora of political discourse. 7aDiscourse analysis.2BUEsh 7aQuantitative research.2BUEsh912353 7aSocial sciencesxResearchxMethodology.2BUEsh bCOMAMEcNovember2019 vReading book1 aScholz, Ronny,eeditor. 2ddccBB 00102ddc40708BaccahaMAINbMAINc2NDd2019-11-20ePurchaseg80.00l0o401.41 QUAp000048358r2025-07-15 00:00:00v100.00w2019-11-20yBB